000 00372nam a22001697a 4500
003 UA-OsUOA
001 3663
007 ta
008 20050721b un ||||| |||| 00| 0 ukr d
100 _aStromberg
700 _aRoland N.
942 _cBK
040 _aUA-OsUOA
_cUA-OsUOA
_dUA-OsUOA
245 _aEuropean Intellectual History Since 1789.
955 _a2
650 7 _2UDC
999 _c289825
_d289825